000 00827nam a22001937a 4500
999 _c62036
_d62036
003 Ge_BSU
005 20240626112130.0
008 240626s1956 ge ||||| |||| 00| 0 geo d
041 _ageo
080 _a613.7 რ-23
100 _aრაპოპორტი, ა.
_9980
245 _aნორმალური დასვენება /
_cა. რაპოპორტი; რედ. ს. საყვარელიძე.
264 _aთბილისი :
_bსაქმედგამი,
_c1956.
300 _a80 გვ. ;
_b20 სმ.
490 _aსანიტარული განათლების ბიბლიოთეკა
653 _aდასვენება.
700 _aსაყვარელიძე, ს.
_eრედაქტორი
_922581
942 _2udc
_cᲬᲘᲒᲜᲘ